=LDR 00000nam 2200000 4500 =001 INLIS000000000010430 =005 20230608010429 =035 ##$$a 0010-061300000010430 =008 230608###########################0###### =041 ##$$a Ind =082 ##$$a 401.9 =090 ##$$a 401.9, Kae f =100 ##$$a Kaelan, M.S. =245 1#$$a Filsafat Bahasa : $b Masalah dan Perkembangannya /$c Drs. Kaelan, M.S. =260 ##$$a Yogyakarta :$b Paradigma,$c 2002 =300 ##$$a xi, 335 hlm ; $c 21 cm =650 #4$$a Bahasa - Filsafat =850 ##$$a NBPNMAT =020 ##$$a 979-8658-06-X =084 ##$$a 401.9 KAE f =990 ##$$a 1202001532